Účtovanie o emisných kvótach podľa Slovenskej účtovnej legislatívy a podľa IAS/IFRS
Zmena klímy je jedným z najväčších globálnych problémov, pričom tento problém vo veľkej miere ovplyvňuje spôsob života ľudí. Je nevyhnutné, aby krajiny medzi sebou navzájom spolupracovali, pretože zmena klímy sa dotýka všetkých krajín a krajiny nie sú schopné vyriešiť problémy so zmenou klímy samé....
Enregistré dans:
| Auteur principal: | |
|---|---|
| Autres auteurs: | |
| Format: | Chapitre de livre |
| Langue: | slovaque |
| Sujets: | |
| Tags: |
Pas de tags, Soyez le premier à ajouter un tag!
|
MARC
| LEADER | 00000nla a2200000 4500 | ||
|---|---|---|---|
| 001 | 0235806 | ||
| 005 | 20240502073820.1 | ||
| 041 | 0 | |a slo | |
| 044 | |a SK | ||
| 245 | 1 | 0 | |a Účtovanie o emisných kvótach podľa Slovenskej účtovnej legislatívy a podľa IAS/IFRS |c Jozef Lukáč, Eva Manová |
| 520 | |a Zmena klímy je jedným z najväčších globálnych problémov, pričom tento problém vo veľkej miere ovplyvňuje spôsob života ľudí. Je nevyhnutné, aby krajiny medzi sebou navzájom spolupracovali, pretože zmena klímy sa dotýka všetkých krajín a krajiny nie sú schopné vyriešiť problémy so zmenou klímy samé. K emisiám skleníkových plynov prispievajú všetky krajiny, aj keď v rozličnej miere. Riešením globálneho problému sa zaoberá aj Rámcový dohovor OSN o zmene klímy z roku 1992. Problematika emisií skleníkových plynov z pohľadu účtovníctva. Účtovanie o emisných kvótach z pohľadu medzinárodných účtovných štandardov IAS/IFRS, ale aj z pohľadu slovenských postupov účtovníctva. | ||
| 610 | 2 | 0 | |a Slovensko |
| 610 | 2 | 0 | |a emisie |
| 610 | 2 | 0 | |a štandardy účtovné medzinárodné |
| 610 | 2 | 0 | |a legislatíva |
| 610 | 2 | 0 | |a kvóty |
| 610 | 2 | 0 | |a účtovníctvo ekologické |
| 610 | 2 | 0 | |a účtovanie |
| 100 | 1 | |a Lukáč, Jozef, 1991- | |
| 700 | 1 | |a Manová, Eva, 1957- | |